000 00207nam a2200085Ia 4500
008 200302s9999 xx 000 0 und d
100 _aTim Benton
245 _aThe Bauhavs in Design
260 _bOpen university Press
999 _c547
_d547